[Event "TUR-chT Clubs"]
[Site "Konya"]
[Date "2019.07.21"]
[Round "9.15"]
[White "Vanlioglu, Ece"]
[Black "Filo, Hatice"]
[Result "1-0"]
[WhiteElo "1096"]
[BlackElo "1087"]
[PlyCount "47"]
[EventDate "2019.07.16"]
[EventType "team-swiss"]
[EventRounds "9"]
[EventCountry "TUR"]
[SourceTitle "CBM 191 Extra"]
[Source "ChessBase"]
[SourceDate "2019.09.30"]
[SourceVersion "1"]
[SourceVersionDate "2019.09.30"]
[SourceQuality "1"]
[WhiteTeam "Busan Genclik"]
[BlackTeam "Dumlupinar Turk"]
[WhiteTeamCountry "TUR"]
[BlackTeamCountry "TUR"]

1. e4 c5 2. Nf3 e6 3. d4 cxd4 4. Nxd4 a6 5. Bd3 Qc7 6. 0-0 Nf6 7. Kh1 Be7 8. f4 d6 9. b3 b5 10. Bb2 0-0 11. Qe1 Bb7 12. Nc3 Nbd7 13. Qg3 b4 14. Nce2 Nxe4 15. Bxe4 Bxe4 16. Nxe6 Bxg2+ 17. Kg1 Qb6+ 18. Rf2 g6 19. Nxf8 Rxf8 20. Kxg2 Qc6+ 21. Qf3 Qxc2 22. Nd4 Qc8 23. Nf5 Nf6 24. Nxe7+ 1-0

[Event "TUR-chT 2nd League"]
[Site "Konya"]
[Date "2017.07.21"]
[Round "7.6"]
[White "Baloglu, Dila"]
[Black "Vanlioglu, Ece"]
[Result "1-0"]
[WhiteElo "1379"]
[BlackElo "1134"]
[PlyCount "85"]
[EventDate "2017.07.17"]
[EventType "team-swiss"]
[EventRounds "9"]
[EventCountry "TUR"]
[SourceTitle "CBM 179 Extra"]
[Source "ChessBase"]
[SourceDate "2017.08.23"]
[SourceVersion "1"]
[SourceVersionDate "2017.08.23"]
[SourceQuality "1"]
[WhiteTeam "Malatya Yesilyurt"]
[BlackTeam "Bursa Nida"]
[WhiteTeamCountry "TUR"]
[BlackTeamCountry "TUR"]

1. c4 e6 2. Nf3 d5 3. e3 Nf6 4. d4 Be7 5. Nc3 0-0 6. Be2 dxc4 7. Bxc4 Nbd7 8. 0-0 c5 9. b3 Nb6 10. Be2 Nbd5 11. Bb2 b6 12. Rc1 Bb7 13. Ne5 Rc8 14. Bf3 Nxc3 15. Bxc3 Ne4 16. Bb2 f6 17. Nc4 cxd4 18. Qxd4 Bc5 19. Qxd8 Rfxd8 20. Rfd1 e5 21. Kf1 Ba8 22. Ke2 Kf7 23. Bg4 Rb8 24. h4 Bb4 25. f3 Rxd1 26. Rxd1 Nc3+ 27. Bxc3 Bxc3 28. Rd7+ Kf8 29. Rxa7 b5 30. Nd6 b4 31. Nf5 g6 32. Rxh7 Kg8 33. Rg7+ Kf8 34. Rxg6 Kf7 35. Rg7+ Kf8 36. h5 Rb7 37. Rxb7 Bxb7 38. Nd6 Bd5 39. Nb5 e4 40. Nxc3 exf3+ 41. Bxf3 Bxf3+ 42. gxf3 bxc3 43. Kd3 1-0

[Event "TUR-chT 2nd League"]
[Site "Konya"]
[Date "2017.07.20"]
[Round "6.6"]
[White "Vanlioglu, Ece"]
[Black "Yaman, Sila"]
[Result "0-1"]
[WhiteElo "1134"]
[BlackElo "1342"]
[PlyCount "82"]
[EventDate "2017.07.17"]
[EventType "team-swiss"]
[EventRounds "9"]
[EventCountry "TUR"]
[SourceTitle "CBM 179 Extra"]
[Source "ChessBase"]
[SourceDate "2017.08.23"]
[SourceVersion "1"]
[SourceVersionDate "2017.08.23"]
[SourceQuality "1"]
[WhiteTeam "Bursa Nida"]
[BlackTeam "Eskiseh Tasci"]
[WhiteTeamCountry "TUR"]
[BlackTeamCountry "TUR"]

1. e4 c6 2. d4 d5 3. Nc3 dxe4 4. Nxe4 Bf5 5. Ng3 Bg6 6. Nf3 Nd7 7. h4 h6 8. h5 Bh7 9. Bd3 Bxd3 10. Qxd3 Ngf6 11. Bf4 e6 12. 0-0-0 Be7 13. Ne4 Nxe4 14. Qxe4 Nf6 15. Qe2 Qa5 16. a3 Bxa3 17. bxa3 Qxa3+ 18. Kd2 Nd5 19. Be3 Qb4+ 20. Kc1 Nc3 21. Kd2 Nxe2+ 22. Kxe2 Qc4+ 23. Kd2 b5 24. Ne5 Qd5 25. Nf3 a5 26. Ra1 0-0 27. Kd1 a4 28. Bd2 Rfb8 29. Ra3 b4 30. Ra1 b3 31. cxb3 axb3 32. Rb1 b2 33. Bc3 Ra1 34. Rxa1 bxa1Q+ 35. Bxa1 Rb1+ 36. Ke2 Rxh1 37. Bc3 Qc4+ 38. Kd2 Rf1 39. Ba5 Rxf2+ 40. Ke3 Rxg2 41. Kf4 Qd3 0-1

[Event "TUR-chT 2nd League"]
[Site "Konya"]
[Date "2017.07.19"]
[Round "4.3"]
[White "Hafizoglu, Bengi"]
[Black "Vanlioglu, Ece"]
[Result "1-0"]
[WhiteElo "1415"]
[BlackElo "1134"]
[PlyCount "71"]
[EventDate "2017.07.17"]
[EventType "team-swiss"]
[EventRounds "9"]
[EventCountry "TUR"]
[SourceTitle "CBM 179 Extra"]
[Source "ChessBase"]
[SourceDate "2017.08.23"]
[SourceVersion "1"]
[SourceVersionDate "2017.08.23"]
[SourceQuality "1"]
[WhiteTeam "Mugla Ortaca Belediye"]
[BlackTeam "Bursa Nida"]
[WhiteTeamCountry "TUR"]
[BlackTeamCountry "TUR"]

1. d4 d5 2. Nf3 e6 3. c4 Nf6 4. Nc3 Be7 5. Bf4 0-0 6. e3 Nbd7 7. c5 c6 8. Bd3 b6 9. b4 a5 10. a3 Ba6 11. 0-0 Ne4 12. Bxa6 Nxc3 13. Qd3 b5 14. Bb7 Ra7 15. Bxc6 Ne4 16. Bxb5 h5 17. Bxd7 Qxd7 18. Ne5 Qc8 19. f3 Nf6 20. b5 Ra8 21. Nc6 Bd8 22. Nxd8 Qxd8 23. a4 Nd7 24. b6 Qc8 25. Qb5 Qd8 26. b7 Rb8 27. Bxb8 Qxb8 28. c6 Nf6 29. Qxa5 Re8 30. Qb6 Re7 31. a5 Ne8 32. a6 Nc7 33. a7 Qe8 34. b8Q Qxb8 35. axb8Q+ Ne8 36. Q6d8 1-0

[Event "TUR-chT 2nd League"]
[Site "Konya"]
[Date "2017.07.18"]
[Round "3.6"]
[White "Vanlioglu, Ece"]
[Black "Demirelli, Leman"]
[Result "0-1"]
[WhiteElo "1134"]
[BlackElo "1355"]
[PlyCount "110"]
[EventDate "2017.07.17"]
[EventType "team-swiss"]
[EventRounds "9"]
[EventCountry "TUR"]
[SourceTitle "CBM 179 Extra"]
[Source "ChessBase"]
[SourceDate "2017.08.23"]
[SourceVersion "1"]
[SourceVersionDate "2017.08.23"]
[SourceQuality "1"]
[WhiteTeam "Bursa Nida"]
[BlackTeam "Burdur Serenler"]
[WhiteTeamCountry "TUR"]
[BlackTeamCountry "TUR"]

1. e4 d5 2. exd5 Qxd5 3. Nc3 Qd8 4. d4 Nf6 5. Nf3 Bg4 6. Bc4 e6 7. 0-0 c6 8. Re1 Be7 9. Bf4 0-0 10. Ne4 Nxe4 11. Rxe4 Bf5 12. Re1 Nd7 13. Qe2 Nb6 14. Bb3 Nd5 15. Be5 Bf6 16. Bg3 h6 17. c3 Bg5 18. Nxg5 Qxg5 19. a4 Qd8 20. a5 b5 21. axb6 axb6 22. h3 Qd7 23. Bc2 Bxc2 24. Qxc2 Ra7 25. Qb3 Rfa8 26. Rxa7 Qxa7 27. c4 Nf6 28. Qf3 Qd7 29. Be5 Ne8 30. b4 Rd8 31. Qe4 b5 32. cxb5 cxb5 33. Rc1 f6 34. Bg3 Nd6 35. Qe2 Nf5 36. Qg4 Nxg3 37. Qxg3 Qxd4 38. Qg6 Qxb4 39. f4 Qxf4 40. Rf1 Qg5 41. Qb1 Rd2 42. Rf2 Qc5 43. Qe1 Qxf2+ 44. Qxf2 Rxf2 45. Kxf2 Kf7 46. Ke2 Ke7 47. Kd3 Kd6 48. Kc3 Kc5 49. g3 e5 50. Kd3 b4 51. Kc2 Kc4 52. g4 e4 53. h4 e3 54. Kd1 b3 55. Kc1 e2 0-1